2025 Formula 1 Drivers by Car Numbers - Statistics

General Stats
  • This quiz has been taken 82 times
  • The average score is 15 of 20
Answer Stats
Hint Answer % Correct
Lewis Hamilton 44
99%
Lando Norris 4
97%
Max Verstappen 1
96%
Charles Leclerc 16
93%
Oscar Piastri 81
91%
George Russell 63
86%
Carlos Sainz 55
84%
Kimi Antonelli 12
81%
Alex Albon 23
81%
Yuki Tsunoda 22
75%
Fernando Alonso 14
71%
Lance Stroll 18
70%
Oliver Bearman 87
68%
Isack Hadjar 6
65%
Pierre Gasly 10
62%
Gabriel Bortoleto 5
62%
Nico Hulkenberg 27
58%
Esteban Ocon 31
58%
Liam Lawson 30
57%
Franco Colapinto 43
45%
No matching quizzes found
Score Distribution
Percent of People with Each Score
Percentile by Number Answered
Your Score History
You have not taken this quiz